| 000 | 00379nam a2200145Ia 4500 | ||
|---|---|---|---|
| 008 | 230312s9999||||xx |||||||||||||| ||und|| | ||
| 082 |
_a005-133 _bGIL-O |
||
| 100 | _aGilbert Stephen | ||
| 245 | 0 | _aMitchell Waite Signature Series | |
| 260 |
_aUSA _c1997 |
||
| 300 | _a730 | ||
| 546 | _aEng. | ||
| 650 |
_aComputer _vIntroduction.Object-Oriented Software Development |
||
| 942 | _cBK | ||
| 999 |
_c3175 _d3175 |
||